Wanita dan perkahwinan

Bibliographic Details
Main Author: Haslina Hj.Hassan
Other Authors: Ann Wan Seng
Format: Book
Published: Kuala Lumpur : Dewan Bahasa Dan Pustaka , 1995
Subjects:

MARC

LEADER 00000cam a2200000 7i4500
001 0000009713
002 000010578
005 20000330.0
020 |a 9836248994 
090 0 0 |a 305.409595   |b HAS 
100 0 |a Haslina Hj.Hassan 
245 1 0 |a Wanita dan perkahwinan   |c Haslina Hj Hassan dan Ann Wan Seng 
260 |a Kuala Lumpur :   |b Dewan Bahasa Dan Pustaka ,   |c 1995 
300 |a 75p. ;   |c 22cm. 
650 0 0 |a Marriage   |x Social aspects   |z Malaysia 
650 0 0 |a Women   |z Malaysia 
700 0 |a Ann Wan Seng 
999 |a 051263   |b BUKU   |c PINJAMAN   |e PERPUSTAKAAN KOMUNITI PETALING JAYA 
999 |a 054365   |b BUKU   |c PINJAMAN   |e PERPUSTAKAAN KOMUNITI CAW KOTA DAMANSARA 
999 |a 054366   |b BUKU   |c PINJAMAN   |e PERPUSTAKAAN KOMUNITI PETALING JAYA